• 首页
  • 本馆介绍
  • 公告通知
  • 最新文献
  • 馆藏检索
  • 电子资源
  • 读者导购
  • 参考咨询
  • 我的图书馆
  • 登录
  • 详细信息显示
  • 放入我的书架
  • 预约/预借图书
  • 作者相关作品
  • 分类相关作品
  • 丛书相关作品
  • 出版社相关作品

书目信息

  • 表格格式
  • 工作单格式
  • 卡片格式
题名:
高分子材料加工原理
    
 
作者: 沈新元 主编
分册:  
出版信息: 北京   中国纺织出版社  2000.7
页数: 374页
开本: 26cm
丛书名:
单 册:
中图分类: TB324-43
科图分类:
主题词: 高分子材料--gao fen zi cai liao--加工--高等学校--教材
电子资源:
ISBN: 978-7-5180-1027-1
000 01140nam0 2200289 45
001 012001000134
005 20191107171633.07
010    @a978-7-5180-1027-1@dCNY60.00
010    @a978-7-89465-027-6@b光盘
099    @aCAL 012015026465
100    @a20150319d2014 em y0chiy50 ea
101 0  @achi
102    @aCN@b110000
105    @aa a 000yy
106    @ar
200 1  @a高分子材料加工原理@Agao fen zi cai liao jia gong yuan li@f沈新元主编
205    @a第3版
210    @a北京@c中国纺织出版社@d2000.7
215    @a374页@c图@d26cm@e光盘1片
320    @a有书目
330    @a本书首先阐述了各种高分子材料的基本概念及其成型加工原理中的共性问题,包括聚合物流体的制备、混合和聚合物流体的流变性;然后分别详细讨论了化学纤维、塑料和橡胶三类重要的高分子材料成型加工原理中的个性问题;最后简单介绍了涂料和胶黏剂的制备和应用原理。各章附有复习指导及思考题。
333    @a普通高等教育“十二五”部委级规划教材 (本科)
606 0  @a高分子材料@Agao fen zi cai liao@x加工@x高等学校@j教材
690    @aTB324-43@v5
701  0 @a沈新元@Ashen xin yuan@4主编
801  0 @aCN@b北京卓展文化@c20191020
905    @b1195472-5@dTB324-43@e462=3@f4
    
    高分子材料加工原理/沈新元主编.-第3版.-北京:中国纺织出版社,2000.7
    374页:图;26cm+光盘1片
    使用对象:普通高等教育“十二五”部委级规划教材 (本科)
    
    ISBN 978-7-5180-1027-1:CNY60.00
    本书首先阐述了各种高分子材料的基本概念及其成型加工原理中的共性问题,包括聚合物流体的制备、混合和聚合物流体的流变性;然后分别详细讨论了化学纤维、塑料和橡胶三类重要的高分子材料成型加工原理中的个性问题;最后简单介绍了涂料和胶黏剂的制备和应用原理。各章附有复习指导及思考题。
●
相关链接 在E读中查询图书 在五车中查询图书 在当当中查询图书 在豆瓣中查询图书


正题名:高分子材料加工原理     索取号:TB324-43/462=3         预约/预借

序号 登录号 条形码 馆藏地/架位号 状态 备注
1 1195472   211954722   第二样本阅览室/ [索取号:TB324-43/462=3] 在馆    
2 1195473   211954731   第三借阅区/ [索取号:TB324-43/462=3] 在馆    
3 1195474   211954740   第三借阅区/ [索取号:TB324-43/462=3] 在馆    
4 1195475   211954759   第三借阅区/ [索取号:TB324-43/462=3] 在馆    
唐山师范学院图书馆 欢迎您!
大连网信软件有限公司© 版权所有